000 00713nam a2200289Ia 4500
005 20260324115940.0
008 008 260324s9999 xx 000 0 eng d
020 _a9781315670249
037 _aEBOOK
040 _aCRL
040 _beng
040 _cCRL
041 _2eng
041 _aeng
084 _qCRL
100 _aFeisal Khan
_91156629
245 0 _aIslamic Banking in Pakistan
245 0 _bShariah-Compliant Finance and the Quest to make Pakistan more Islamic
260 _bTaylor and Francis
260 _c2015
365 _a
365 _b240
856 _uhttp://www.taylorfrancis.com/books/9781315670249
942 _cEBOOK
999 _c1747889
_d1747889